| 000 | 01072nam a22002537a 4500 | ||
|---|---|---|---|
| 005 | 20100602101919.0 | ||
| 008 | 100602t xxu||||| |||| 00| 0 hin d | ||
| 010 | _aHIN-89450 | ||
| 020 |
_c200.00 _a978935000191 |
||
| 035 | _aHN-61796 | ||
| 037 | _bDBAD / PUB | ||
| 040 |
_aDPL _bHN |
||
| 082 | _a821 | ||
| 100 |
_aत्रिपाठी, आशीष _917935 |
||
| 245 |
_aएक रंग ठहरा हुआ / _cआशीष त्रिपाठी |
||
| 246 |
_aEk rang thahra hua _bby Ashish Tripathi |
||
| 260 |
_aनई दिल्ली _bवाणी प्रकाशन _c2010 |
||
| 270 |
_a4695, 21-ए, दरियागंज _bनई दिल्ली _e110002 |
||
| 300 |
_a136पृ _c22सेमी (सजिल्द) |
||
| 650 |
_aहिन्दी कविता _9697 |
||
| 650 |
_aHindi poetry _9698 |
||
| 942 |
_2ddc _cHN _mत्रिपाठी _h821 |
||
| 999 |
_c36463 _d36463 |
||